<?xml version="1.0" encoding="UTF-8"?>
<record
    xmlns:xsi="http://www.w3.org/2001/XMLSchema-instance"
    xsi:schemaLocation="http://www.loc.gov/MARC21/slim http://www.loc.gov/standards/marcxml/schema/MARC21slim.xsd"
    xmlns="http://www.loc.gov/MARC21/slim">

  <leader>01442nam0a2200337   4500</leader>
  <controlfield tag="001">RU\NLR\bibl\1235982</controlfield>
  <controlfield tag="005">20260406070431.0</controlfield>
  <datafield tag="010" ind1=" " ind2=" ">
    <subfield code="a">978-5-7608-0528-7</subfield>
    <subfield code="9">1000</subfield>
  </datafield>
  <datafield tag="021" ind1=" " ind2=" ">
    <subfield code="a">RU</subfield>
    <subfield code="b">2008-26642</subfield>
    <subfield code="9">1471</subfield>
  </datafield>
  <datafield tag="035" ind1=" " ind2=" ">
    <subfield code="a">(NLR Aleph) 001222217</subfield>
  </datafield>
  <datafield tag="090" ind1=" " ind2=" ">
    <subfield code="a">145638</subfield>
    <subfield code="c">145638</subfield>
  </datafield>
  <datafield tag="100" ind1=" " ind2=" ">
    <subfield code="a">20080603d2007    |||y0rusy50      ca</subfield>
  </datafield>
  <datafield tag="101" ind1="0" ind2=" ">
    <subfield code="a">rus</subfield>
  </datafield>
  <datafield tag="102" ind1=" " ind2=" ">
    <subfield code="a">RU</subfield>
  </datafield>
  <datafield tag="105" ind1=" " ind2=" ">
    <subfield code="a">c   |||||||||</subfield>
  </datafield>
  <datafield tag="200" ind1="1" ind2=" ">
    <subfield code="a">&#x41A;&#x443;&#x43B;&#x44C;&#x442;&#x443;&#x440;&#x430; &#x438; &#x43E;&#x431;&#x449;&#x435;&#x441;&#x442;&#x432;&#x435;&#x43D;&#x43D;&#x430;&#x44F; &#x436;&#x438;&#x437;&#x43D;&#x44C;</subfield>
    <subfield code="e">&#x438;&#x437;&#x431;&#x440;&#x430;&#x43D;&#x43D;&#x44B;&#x435; &#x442;&#x440;&#x443;&#x434;&#x44B; &#x43F;&#x43E; &#x441;&#x43E;&#x446;&#x438;&#x43E;&#x43B;&#x43E;&#x433;&#x438;&#x438;</subfield>
    <subfield code="f">&#x422;&#x445;&#x430;&#x43A;&#x443;&#x448;&#x438;&#x43D;&#x43E;&#x432; &#x410;. &#x41A;.</subfield>
    <subfield code="g">[&#x441;&#x43E;&#x441;&#x442;.: &#x434;. &#x444;&#x438;&#x43B;&#x43E;&#x43B;. &#x43D;., &#x43F;&#x440;&#x43E;&#x444;. &#x41A;. &#x413;. &#x428;&#x430;&#x437;&#x437;&#x43E;]</subfield>
  </datafield>
  <datafield tag="210" ind1=" " ind2=" ">
    <subfield code="a">&#x41C;&#x430;&#x439;&#x43A;&#x43E;&#x43F;</subfield>
    <subfield code="c">&#x410;&#x434;&#x44B;&#x433;&#x435;&#x439;&#x441;&#x43A;&#x43E;&#x435; &#x440;&#x435;&#x441;&#x43F;&#x443;&#x431;&#x43B;&#x438;&#x43A;&#x430;&#x43D;&#x441;&#x43A;&#x43E;&#x435; &#x43A;&#x43D;&#x438;&#x436;&#x43D;&#x43E;&#x435; &#x438;&#x437;&#x434;-&#x432;&#x43E;</subfield>
    <subfield code="d">2007</subfield>
  </datafield>
  <datafield tag="215" ind1=" " ind2=" ">
    <subfield code="a">403 &#x441;., [1] &#x43B;. &#x43F;&#x43E;&#x440;&#x442;&#x440;.</subfield>
    <subfield code="d">21</subfield>
  </datafield>
  <datafield tag="320" ind1=" " ind2=" ">
    <subfield code="a">&#x411;&#x438;&#x431;&#x43B;&#x438;&#x43E;&#x433;&#x440;. &#x432; &#x43F;&#x43E;&#x434;&#x441;&#x442;&#x440;&#x43E;&#x447;. &#x43F;&#x440;&#x438;&#x43C;&#x435;&#x447;.</subfield>
  </datafield>
  <datafield tag="606" ind1="1" ind2=" ">
    <subfield code="a">&#x421;&#x43E;&#x446;&#x438;&#x43E;&#x43B;&#x43E;&#x433;&#x438;&#x44F; &#x43A;&#x443;&#x43B;&#x44C;&#x442;&#x443;&#x440;&#x44B;</subfield>
    <subfield code="z">20 &#x432;.</subfield>
    <subfield code="9">2207366</subfield>
    <subfield code="3">RU\NLR\AUTH\6601560455</subfield>
  </datafield>
  <datafield tag="686" ind1=" " ind2=" ">
    <subfield code="a">&#x421;550.2&#x44F;44</subfield>
  </datafield>
  <datafield tag="700" ind1=" " ind2="1">
    <subfield code="4">070</subfield>
    <subfield code="8">rus</subfield>
    <subfield code="7">ca</subfield>
    <subfield code="a">&#x422;&#x445;&#x430;&#x43A;&#x443;&#x448;&#x438;&#x43D;&#x43E;&#x432;</subfield>
    <subfield code="b">&#x410;. &#x41A;.</subfield>
    <subfield code="f">1947-</subfield>
    <subfield code="g">&#x410;&#x441;&#x43B;&#x430;&#x43D; &#x41A;&#x438;&#x442;&#x43E;&#x432;&#x438;&#x447;</subfield>
    <subfield code="3">RU\NLR\AUTH\7715702</subfield>
    <subfield code="9">125350</subfield>
  </datafield>
  <datafield tag="702" ind1=" " ind2="1">
    <subfield code="4">220</subfield>
    <subfield code="7">ca</subfield>
    <subfield code="8">rus</subfield>
    <subfield code="a">&#x428;&#x430;&#x437;&#x437;&#x43E;</subfield>
    <subfield code="b">&#x41A;. &#x413;.</subfield>
    <subfield code="f">1939-2015</subfield>
    <subfield code="g">&#x41A;&#x430;&#x437;&#x431;&#x435;&#x43A; &#x413;&#x438;&#x441;&#x441;&#x43E;&#x432;&#x438;&#x447;</subfield>
    <subfield code="9">255251</subfield>
    <subfield code="3">RU\NLR\AUTH\770255307</subfield>
  </datafield>
  <datafield tag="801" ind1=" " ind2="0">
    <subfield code="a">RU</subfield>
    <subfield code="b">NLR</subfield>
    <subfield code="c">20080603</subfield>
    <subfield code="g">RCR</subfield>
  </datafield>
  <datafield tag="801" ind1=" " ind2="1">
    <subfield code="a">RU</subfield>
    <subfield code="b">NLR</subfield>
    <subfield code="c">20080603</subfield>
  </datafield>
  <datafield tag="830" ind1=" " ind2=" ">
    <subfield code="a">&#x441;&#x43E;&#x441;&#x442;. &#x43F;&#x43E; &#x42D;&#x41A;</subfield>
  </datafield>
  <datafield tag="830" ind1=" " ind2=" ">
    <subfield code="a">&#x43F;&#x43E; &#x43A;&#x43D;.</subfield>
  </datafield>
  <datafield tag="942" ind1=" " ind2=" ">
    <subfield code="c">BOOK</subfield>
  </datafield>
  <datafield tag="980" ind1=" " ind2=" ">
    <subfield code="a">NB</subfield>
  </datafield>
  <datafield tag="995" ind1=" " ind2=" ">
    <subfield code="5">2008-06-03</subfield>
    <subfield code="a">ad</subfield>
    <subfield code="b">NLR01</subfield>
    <subfield code="c">NLR01</subfield>
    <subfield code="e">RF9</subfield>
    <subfield code="f">2687709</subfield>
    <subfield code="k">2008-3/16414</subfield>
    <subfield code="o">0</subfield>
    <subfield code="r">BOOK</subfield>
    <subfield code="s">2008316414_</subfield>
  </datafield>
  <datafield tag="995" ind1=" " ind2=" ">
    <subfield code="5">2008-06-03</subfield>
    <subfield code="a">ad</subfield>
    <subfield code="b">NLR01</subfield>
    <subfield code="c">NLR01</subfield>
    <subfield code="e">RF9</subfield>
    <subfield code="f">2687710</subfield>
    <subfield code="k">2008-3/16414</subfield>
    <subfield code="o">0</subfield>
    <subfield code="r">BOOK</subfield>
    <subfield code="s">2008316414_</subfield>
  </datafield>
</record>
